000 00776nab a2200229 u 4500
001 16366
003 HDC
007 cr bn ---aaaaa
008 210220c20100520io dr|noo 0 a eng d
040 _aHDC
245 0 _aIndonesia Intends to Become Halal Products Center
260 _a[No place] :
_b[publisher not identified],
_c2010
336 _atext
_2rdacontent
337 _acomputer
_2rdamedia
338 _aonline resource
_2rdacarrier
650 _aHalal Products Center
_zIndonesia
_916212
650 _aservices center
_916213
856 _zRequest full-text at [email protected]
942 _2lcc
942 _cNEWS
942 _kNWSO 005686
999 _c13682
_d13682